The 99 beautiful names of God for all the people of the book / (Record no. 4633)

MARC details
000 -LEADER
fixed length control field 01049cam a2200289 a 4500
001 - CONTROL NUMBER
control field 11768067
003 - CONTROL NUMBER IDENTIFIER
control field GBCCL
005 - DATE AND TIME OF LATEST TRANSACTION
control field 20241126110523.0
008 - FIXED-LENGTH DATA ELEMENTS--GENERAL INFORMATION
fixed length control field 990722s1999 cau b 001 0 eng
010 ## -
-- 99042624
020 ## - INTERNATIONAL STANDARD BOOK NUMBER
International Standard Book Number 0878082999 (alk. paper)
035 ## - SYSTEM CONTROL NUMBER
System control number (DLC) 99042624
040 ## - CATALOGING SOURCE
Original cataloging agency DLC
Transcribing agency DLC
Modifying agency DLC
050 00 -
-- BT180.N2
-- B46 1999
082 00 - DEWEY DECIMAL CLASSIFICATION NUMBER
Classification number 231
Edition information 21
Item number BEN
100 1# - MAIN ENTRY--PERSONAL NAME
Personal name Bentley, David,
Dates associated with a name 1933-
9 (RLIN) 8517
245 14 - TITLE STATEMENT
Title The 99 beautiful names of God for all the people of the book /
Statement of responsibility, etc. David Bentley.
246 30 -
-- Ninety-nine beautiful names for God for all the people of the book
260 ## - PUBLICATION, DISTRIBUTION, ETC.
Place of publication, distribution, etc. Pasadena, Calif. :
Name of publisher, distributor, etc. William Carey Library,
Date of publication, distribution, etc. c1999.
300 ## - PHYSICAL DESCRIPTION
Extent 112 p. :
Dimensions 23 cm.
504 ## - BIBLIOGRAPHY, ETC. NOTE
Bibliography, etc. note Includes bibliographical references (p. 101) and indexes.
650 #0 - SUBJECT ADDED ENTRY--TOPICAL TERM
Topical term or geographic name entry element God
General subdivision Name.
9 (RLIN) 8518
650 #0 - SUBJECT ADDED ENTRY--TOPICAL TERM
Topical term or geographic name entry element God (Islam)
General subdivision Name.
9 (RLIN) 8519
906 ## - LOCAL DATA ELEMENT F, LDF (RLIN)
a 7
b cbc
c orignew
d 1
e ocip
f 19
g y-gencatlg
942 ## - ADDED ENTRY ELEMENTS (KOHA)
Source of classification or shelving scheme Dewey Decimal Classification
Koha item type Books
Holdings
Withdrawn status Lost status Source of classification or shelving scheme Damaged status Not for loan Home library Current Library Shelving location Date acquired Total checkouts Full call number Barcode Date last seen Copy number Price effective from Koha item type
    Dewey Decimal Classification     GRACE BIBLE COLLEGE GRACE BIBLE COLLEGE Theology 2018-01-29   231 BEN 006225 2025-05-01 c.1 2018-01-29 Books
    Dewey Decimal Classification     GRACE BIBLE COLLEGE GRACE BIBLE COLLEGE Theology 2018-01-29   231 BEN 006226 2025-05-01 c.2 2018-01-29 Books
    Dewey Decimal Classification     GRACE BIBLE COLLEGE GRACE BIBLE COLLEGE Theology 2018-01-29   231 BEN 006227 2025-05-01 c.3 2018-01-29 Books
    Dewey Decimal Classification     GRACE BIBLE COLLEGE GRACE BIBLE COLLEGE Theology 2018-01-29   231 BEN 006228 2025-05-01 c.4 2018-01-29 Books
    Dewey Decimal Classification     GRACE BIBLE COLLEGE GRACE BIBLE COLLEGE Theology 2018-01-29   231 BEN 006229 2025-05-01 c.5 2018-01-29 Books
© Grace Bible College Library 2025